00503nam a2200145Ia 4500001000900000003000500009005001700014008004100031010001100072040001800083100003200101245013300133260008100266300001000347dia_6693CHAP20251030134213.0220117s1978 xx 000 0 und d a177953 cCHAPamxchpua aCastañeda Castro, Rubén aCombate de avena silvestre (Avena fatua L.) en el cultivo del trigo en el Valle del Humaya, Sin. /c Rubén Castañeda Castro aMéxico :b SARH. Instituto Nacional de Investigaciones Agrícolas,c1978 a16 p.